Pierwiastki śladowe, żelazo - Statystyki

Ogólne statystyki
  • Ten quiz został rozwiązany 7 razy
  • Średni wynik to 10 z 25
Statystyki odpowiedzi
Hint Odpowiedź % Poprawnych
w organizmie dorosłego (ug) wanadu 100
100%
dzienne zapotrzebowanie na chrom (ug) 30
100%
zapotrzebowanie dobowe Cu (mg) 1-2
86%
zapotrzebowanie dobowe (mg/dobę) 1-2
86%
dla dorosłych (ug) 150
86%
kobiety w ciąży/laktacji (ug) 250
71%
ilość żelaza w org. dorosłego (g) 3-4
57%
wydalanie Fe z moczem prawidłowe (mg/dobę) 0,1-0,2
43%
Fe w moczu po podaniu deferoksaminy (mg/dobę) 0,9-1,8
43%
zapotrzebowanie na Selen (ug/dobę) 50-100
43%
wchłanianie żelaza na dobę (mg) 0,7-1,5
29%
w ciągu doby z pokarmem (mg) 10-15
29%
norma dla fluoru (ug/dl) 10-45
29%
norma dla UZWŻ (ug/dl) 150-330
29%
norma ceruloplazminy (mg/dl) 20-60
29%
dla kobiet (ug/l) 30-200
29%
ferrytyna dla mężczyzn (ug/l) 30-400
29%
zapotrzebowanie jodu dla dzieci (ug) 100-130
14%
transferyna (mg/dl) 200-400
14%
stężenie żelaza w surowicy (ug) 50-160
14%
zawartość w organizmie Zn (g) 1,5-2,5
0%
dla kobiet (ug/dl) 230-440
0%
norma dla CZWŻ dla mężczyzn (ug/dl) 250-390
0%
zawartość Cu w organizmie dorosłego (mg) 50-120
0%
stężenie norma (ug/dl) 70-150
0%
Nie znaleziono quizów pasujących do podanych kryteriów
Rozkład punktacji
Procent ludzi z każdym wynikiem
Percentyl według liczby udzielonych odpowiedzi
Twoja historia wyników
Nie rozwiązałeś tego quizu